000 00659nam a2200265Ia 4500
005 20260306164420.0
008 008 260114s9999 xx 000 0 eng d
020 _a9780190840624
037 _aEBOOK
040 _aCRL
040 _beng
040 _cCRL
041 _2eng
041 _aeng
084 _qCRL
100 _aSimon J. Bronner
_91130673
245 4 _aThe Oxford Handbook Of American Folklore And Folklife Studies
260 _bOxford University Press
260 _c2019
650 _aLiterature
856 _uhttps://academic.oup.com/edited-volume/38680
942 _cEBOOK
999 _c1713994
_d1713994